| 000 | 00580nam a2200181Ia 4500 | ||
|---|---|---|---|
| 008 | 090123s9999 xx 000 0 und d | ||
| 082 |
_b33139 _a891.463/हरका |
||
| 100 | _aहरकारे अरुण | ||
| 245 | _aकोळ्याचं जाळं | ||
| 250 | _a0 | ||
| 260 |
_bअक्षता प्रकाशन _c2001 |
||
| 300 | _a192 | ||
| 600 | _aहरकारे अरुण | ||
| 630 | _aकोळ्याचं जाळं | ||
| 700 | _aहरकारे अरुण | ||
| 730 | _aकोळ्याचं जाळं | ||
| 942 | _cBOOK | ||
| 999 |
_c71198 _d71198 |
||